| 000 | 00626nam a2200193Ia 4500 | ||
|---|---|---|---|
| 003 | GCL | ||
| 008 | 140319s9999 xx 000 0 ara d | ||
| 040 |
_aGCL / _cGCL |
||
| 082 | 0 | 4 |
_a811.009 _bم ن |
| 100 | 1 | _aمصطفى عليان | |
| 245 | 1 | 0 |
_aنحو منهج اسلامى فى رواية الشعر ونقده / _cمصطفى عليان |
| 260 |
_aالاردن : _bدار البشير للثقافة والعلوم الاسلامية ، _c1992 |
||
| 300 | _a464 ص | ||
| 490 | _a | ||
| 650 | 0 | 4 | _aالشعر العربى |
| 650 | 0 | 4 | _aالعصر الجاهلى |
| 650 | 0 | 4 | _aصدر الاسلام |
| 942 |
_2ddc _cBK |
||
| 999 |
_c57598 _d57598 |
||